"Sprzedawcy marzeń" - Myslovitz tekst - Statystyki

Ogólne statystyki
  • Ten quiz został rozwiązany 56 razy
    48 od ostatniego zresetowania
  • Średni wynik to 84 z 114
Statystyki odpowiedzi
Hint Odpowiedź % Poprawnych
I
97%
ja
97%
jak
93%
się
90%
w
90%
. Jaki
87%
jest
87%
nie
87%
Nie
87%
jestem
83%
Jestem
83%
nic
83%
Sterowany
83%
Ty
83%
białe
80%
świat
80%
ten
80%
wciąż
80%
zrobić
80%
czarne
77%
Już
77%
już
77%
ma
77%
mogę
77%
piękny
77%
Przecież
77%
mi
73%
musisz
73%
starać
73%
czas
70%
jesteś
70%
mnie
70%
też
70%
Tylko
70%
wiedzieć
70%
coś
67%
dużo
67%
jakiś
67%
kłamie
67%
Lubię
67%
proste
67%
siedzę
67%
Telewizja
67%
To
67%
tu
67%
we
67%
A
63%
chce
63%
widzę
63%
widzisz
63%
wiesz
63%
że
63%
miłość
60%
ślepa
60%
wiem
60%
wzrusza
60%
zmęczony
60%
możesz
57%
wszystko
57%
był
53%
dobry
53%
dzień
53%
mieć
53%
chciał
47%
chyba
47%
głowie
47%
Mam
47%
pustkę
47%
bym
43%
ideału
43%
Powiedzieć
43%
Zgubiłem
40%
znowu
40%
Nie znaleziono quizów pasujących do podanych kryteriów
Rozkład punktacji
Procent ludzi z każdym wynikiem
Percentyl według liczby udzielonych odpowiedzi
Twoja historia wyników
Nie rozwiązałeś tego quizu od ostatniego zresetowania